Normal view
MARC view
Entry Personal Name
001 - CONTROL NUMBER
- control field: 35990
003 - CONTROL NUMBER IDENTIFIER
- control field: dpl
005 - DATE AND TIME OF LATEST TRANSACTION
- control field: 20111122105716.0
008 - FIXED-LENGTH DATA ELEMENTS
- fixed length control field: 111122|||a|||||| | ||| d
040 ## - CATALOGING SOURCE
- Original cataloging agency: dpl
- Transcribing agency: dpl
100 ## - HEADING--PERSONAL NAME
- Personal name: Shresthova, Sangita
670 ## - SOURCE DATA FOUND
- Source citation: Work cat.: (dpl)0: Shresthova, Sangita, Is it all about hips? :, 2011
670 ## - SOURCE DATA FOUND
- Source citation: Work cat.: (dpl)0: Shresthova, Sangita, Is it all about hips? :, 2011
